|
|
|
|
| LEADER |
01519nam a2200349 a 4500 |
| 001 |
17668 |
| 003 |
BD-DhAAL |
| 005 |
20140522095248.0 |
| 008 |
140522s1994 nyua b 000 0 eng d |
| 010 |
|
|
|a 94008242
|
| 020 |
|
|
|a 1558610820 (hard : acidfree paper)
|
| 020 |
|
|
|a 1558610839 (pbk. : acidfree paper)
|
| 040 |
|
|
|a DLC
|c DLC
|d DLC
|d BD-DhAAL
|
| 041 |
|
|
|a eng
|
| 043 |
|
|
|a n-us---
|
| 050 |
0 |
0 |
|a LB2361.5
|b .W65 1994
|
| 082 |
0 |
0 |
|a 378.1/99
|2 20
|
| 245 |
0 |
0 |
|a Women of color and the multicultural curriculum :
|b transforming the college classroom /
|c edited by Liza Fiol-Matta and Mariam K. Chamberlain.
|
| 260 |
|
|
|a New York :
|b Feminist Press at the City University of New York,
|c 1994.
|
| 300 |
|
|
|a xv, 390 p. :
|b ill. ;
|c 23 cm.
|
| 500 |
|
|
|a "With a segment on Puerto Rican studies"--Cover.
|
| 504 |
|
|
|a Includes bibliographical references.
|
| 541 |
|
|
|e 17668
|
| 650 |
|
0 |
|a Universities and colleges
|x Curricula
|z United States.
|9 4211
|
| 650 |
|
0 |
|a Curriculum change
|z United States.
|9 3165
|
| 650 |
|
0 |
|a Minority women
|x Study and teaching (Higher)
|z United States.
|9 4640
|
| 650 |
|
0 |
|a Multiculturalism
|x Study and teaching (Higher)
|z United States.
|9 4641
|
| 700 |
2 |
|
|a Fiol-Matta, Liza.
|9 4642
|
| 700 |
1 |
|
|a Chamberlain, Mariam.
|9 4643
|
| 942 |
|
|
|2 ddc
|c BK
|
| 999 |
|
|
|c 14366
|d 14366
|
| 952 |
|
|
|0 0
|1 0
|2 ddc
|4 0
|6 378_199000000000000_WOM
|7 0
|9 24350
|a BRACUL
|b BRACUL
|c GEN
|d 2014-05-22
|l 1
|m 1
|o 378.199 WOM
|p 3010017668
|r 2026-04-05
|s 2025-07-22
|t 1
|w 2014-05-22
|y BK
|x Transferred from ENH to Ayesha Abed library on 20/12/2023
|